|
|
|
|
| LEADER |
00000nam0a2200000 4500 |
| 001 |
123897 |
| 005 |
20231031130654.0 |
| 010 |
|
|
|a 5911312557
|
| 035 |
|
|
|a (RuTPU)RU\TPU\book\134087
|
| 090 |
|
|
|a 123897
|
| 100 |
|
|
|a 20071025d2007 km a0rusy50 ca
|
| 101 |
0 |
|
|a rus
|
| 102 |
|
|
|a RU
|
| 105 |
|
|
|a y n 000zy
|
| 200 |
1 |
|
|a Постатейный комментарий к новой редакции закона РФ "О защите прав потребителей"
|f Т. А. Золотухина
|
| 210 |
|
|
|a Москва
|c Дашков и К
|a Ростов-на-Дону
|c Наука-пресс
|d 2007
|
| 215 |
|
|
|a 256 с.
|
| 330 |
|
|
|a Настоящий Комментарий составлен на основании Закона РФ "О защите прав потребителей" и других нормативно-правовых актов, действующих в области защиты прав потребителей, с учетом последних изменений и дополнений, внесенных ФЗ от 25 ноября 2006 г. № 193-ФЗ. Книга содержит подробный анализ статей Закона, пояснения по наиболее сложным практическим вопросам, рекомендации потребителям и примеры судебной практики по разрешению возникающих правовых споров. Издание будет интересно как юристам, студентам юридических и экономических вузов и факультетов, так и всем гражданам, желающим получить необходимую информацию о защите прав потребителей.
|
| 610 |
1 |
|
|a право
|
| 610 |
1 |
|
|a гражданское право
|
| 610 |
1 |
|
|a хозяйственное право
|
| 610 |
1 |
|
|a потребители
|
| 610 |
1 |
|
|a защита прав
|
| 610 |
1 |
|
|a федеральные законы
|
| 610 |
1 |
|
|a Российская Федерация
|
| 610 |
1 |
|
|a комментарии
|
| 686 |
|
|
|a Х623.2
|v LBC/SL-A
|2 rubbk
|
| 700 |
|
1 |
|a Золотухина
|b Т. А.
|g Татьяна Александровна
|
| 801 |
|
1 |
|a RU
|b 63413507
|c 20071025
|g PSBO
|
| 801 |
|
2 |
|a RU
|b 63413507
|c 20160114
|g PSBO
|
| 900 |
|
|
|a Правовое обеспечение социально-культурного сервиса и туризма
|
| 942 |
|
|
|c BK
|
| 959 |
|
|
|a 70/20071010
|d 2
|e 110,00
|f АНЛ:1
|f ЧЗСБО:1
|